000 00536nam a2200229Ia 4500
003 0100
008 130303s9999 xx 000 0 und d
020 _a664254624
040 _cARRUPELIB
050 _aBS1455.C651998
100 _aCrenshaw, James L
245 _aOld Testament wisdom
245 _ban introduction
250 _aRev. and enl.
260 _aLouisville
260 _bWestminster John Knox Press
260 _C1998
300 _axv
300 _b 255p. 23cm.
700 _aJames L. Crenshaw
942 0 0 _01
999 _c12563
_d12563